00897nam a22002417a 450000500170000001000110001702000220002803500110005003700160006104000120007708200160008910000280010524500920013326000380022527000260026330000230028950000200031265000300033265000630036294200250042599900190045095201860046920170124110026.0 a754493 c00.00a0712113797 a754493 bCen Lib/Ret aDPLbEN a371.73bBRI aBriggs, Megan M.920640 aMovement education :cby Megan M. Briggsbthe place of movement in physical education / aLondonbMacdonald and evansc1974 bLondona8 John Street avi,183p.c21cm(Hb) aIncludes index  aMovement education920641 aMovement education--Study and teaching (Elementary)920642 2ddccENh371.73mBRI c127491d127491 04104070aLbLd2015-06-29eCen Lib/Retg0.00l0o371.73 BRIp754493r2015-06-29 00:00:00t1v0.00w2015-06-29yENzWritten off on approval by DLB (By Circulation); dtd 15-06-2023